ბათუმის შოთა რუსთაველის სახელმწიფო უნივერსიტეტის ბიბლიოთეკა

მოგონებები სოკრატეზე - სოკრატეს აპოლოგია / (ბიბ.ჩანაწერი № 36328)

000 -ლიდერი
ფიქსირებული სიგრძის საკონტროლო ველი 01361nam a2200241Ia 4500
001 - საკონტროლო ნომერი
საკონტროლო ველი 2236
003 - საკონტროლო ნომრის იდენტიფიკატორი
საკონტროლო ველი GE_BSU
005 - ბოლო ოპერაციის თარიღი და დრო
საკონტროლო ველი 20221223165308.0
008 - ფიქსირებული სიგრძის მონაცემთა ელემენტები - ზოგადი ინფორმაცია
ფიქსირებული სიგრძის საკონტროლო ველი 181216s1973||||ge |||||||||||||| ||geo||
040 ## - კატალოგიზაციის წყარო
Transcribing agency GE_BSU
041 ## - ენის კოდი
Language code of text/sound track or separate title geo
080 ## - უნივერსალური ათობითი კლასიფიკაციის ინდექსი
Universal Decimal Classification number 1 ქ–79
100 ## - მთავარი ჩანაწერი - პიროვნების სახელი
Personal name ქსენოფონტი, დაახლოებით 430-255 ჩ.წ.ა., ავტორი.
9 (RLIN) 748
245 ## - ცნობა სათაურის შესახებ
Title მოგონებები სოკრატეზე - სოკრატეს აპოლოგია /
Statement of responsibility, etc ქსენოფონტი ; ძვ. ბერძნ. თარგმნა, შესავ. წერილი, შენიშვნები და სახელთა საძიებელი დაურთო ა. ურუშაძემ ;
264 ## - წარმოების, გამოცემის, დისტრიბუციის და სხვა ცნობები
გამოცემის, წარმოების, დისტრიბუციის... ადგილი თბილისი :
გამოცემის, წარმოების, დისტრიბუციის... სახელწოდება თბ. უნ-ტის გამ-ბა,
გამოცემის, წარმოების, დისტრიბუციის... თარიღი 1973.
300 ## - ფიზიკური აღწერა
Extent 173 გვ.;
Other physical details 21 სმ.
653 ## - INDEX TERM--UNCONTROLLED
Uncontrolled term ძველბერძნული ფილოსოფია
653 ## - INDEX TERM--UNCONTROLLED
Uncontrolled term სოკრატეს ფილოსოფია
700 ## - ADDED ENTRY--PERSONAL NAME
Personal name ურუშაძე, აკაკი
Relator term მთარგმნელი
9 (RLIN) 749
700 ## - ADDED ENTRY--PERSONAL NAME
Personal name თევზაძე, გიგი,
Relator term რედაქტორი
9 (RLIN) 750
710 ## - ADDED ENTRY--CORPORATE NAME
Corporate name or jurisdiction name as entry element თბილ. უნ-ტის ბერძნულ-ლათინური ბიბ-კა.
9 (RLIN) 16558
942 ## - ADDED ENTRY ELEMENTS (KOHA)
Koha item type წიგნი
Source of classification or shelving scheme
ეგზემპლარები
ჩამოწერის სტატუსი დაკარგული ეგზემპლარის სტატუსი კლასიფიკაციის წყარო ან თაროზე გაწყობის სქემა დაზიანების სტატუსი არ გაიცემა მუდმივი მდებარეობა (დაცვის ადგილი) ამჟამინდელი ადგილსამყოფელი თაროზე განთავსების ადგილი შეძენის თარიღი ღირებულება, შესყიდვის ნორმალური ფასი სრული შენახვის შიფრი შტრიხკოდი ბოლო ოპერაციის თარიღი ეგზემპლარის მიმდევრობითი ნომერი (კეტერი?) ფასის ძალაში შესვლის თარიღი ეგზემპლარის სახეობა საჯარო შენიშვნა
          ბათუმის შოთა რუსთაველის სახელმწიფო უნივერსიტეტის მთავარი ბიბლიოთეკა ბათუმის შოთა რუსთაველის სახელმწიფო უნივერსიტეტის მთავარი ბიბლიოთეკა წიგნსაცავი 2018-12-17 7.00 1 ქ–79 4147 2018-12-17 4147 2018-12-17 წიგნი 7 ლ.
          ბათუმის შოთა რუსთაველის სახელმწიფო უნივერსიტეტის მთავარი ბიბლიოთეკა ბათუმის შოთა რუსთაველის სახელმწიფო უნივერსიტეტის მთავარი ბიბლიოთეკა წიგნსაცავი 2022-10-06 2.00 1(38) ქ-79 28626 2022-10-06 28626 2022-10-06 წიგნი 2 ლ.
          ბათუმის შოთა რუსთაველის სახელმწიფო უნივერსიტეტის მთავარი ბიბლიოთეკა ბათუმის შოთა რუსთაველის სახელმწიფო უნივერსიტეტის მთავარი ბიბლიოთეკა წიგნსაცავი 2022-12-23 7.00 1 ქ–79 63382 2022-12-23 63382 2022-12-23 წიგნი 7.00